000 00589nam a2200193Ia 4500
001 2387
008 201218s ii a g b000 u 465 u
082 _a100
_a181.4
100 _aCommins, Saxe .
245 0 _aMan and Spirit: The Speculative Philosophers /
_cSaxe Commins and Robert N. Linscott.
_hTextual Documents
250 _a1st ed. /
260 _aNew York :
_bRandom house ,
_cNd.
300 _a557p. :
_bill ;
_c19cm .
653 _aPhilosophy-Man and Spirit
653 _aSpeculative Philosophers
653 _aG-Philosophy
700 _aLinscott, Robert N. .
942 _2ddc
_cBK
999 _c2380
_d2380